• 首页
  • 本馆介绍
  • 公告通知
  • 最新文献
  • 馆藏检索
  • 电子资源
  • 读者导购
  • 参考咨询
  • 我的图书馆
  • 登录
  • 详细信息显示
  • 放入我的书架
  • 预约/预借图书
  • 作者相关作品
  • 分类相关作品
  • 丛书相关作品
  • 出版社相关作品

书目信息

  • 表格格式
  • 工作单格式
  • 卡片格式
题名:
石油化工工艺
    
 
作者: ;上海化学工业专科学校 编
分册:  
出版信息: 上海   上海科学技术出版社  1978
页数: 188页
开本: 26cm
丛书名:
单 册:
中图分类: TE65
科图分类:
主题词: 裂解-石油炼制--生产工艺 , 石油炼制-裂解--生产工艺 , 石油化工
电子资源:
ISBN:
000 00695nam0 2200241 45
001 0178001401
005 20060725170641.35
010    @dCNY1.25
091    @a15119.1931
100    @a19950802d1978 em y0chiy0121 ea
101 0  @achi
102    @aCN@b310000
105    @ay z 000yy
200 10 @a石油化工工艺@Ashi you hua gong gong yi@f上海化学工业专科学校编
210    @a上海@c上海科学技术出版社@d1978
215    @a188页@d26cm
606    @a裂解-石油炼制@x生产工艺
606    @a石油炼制-裂解@x生产工艺
606 0  @a石油化工
690    @aTE65@v3
711 02 @a上海化学工业专科学校@Ashang hai hua xue gong ye zhuan ke xue xiao@4编
801  0 @aCN@bTSSF@c20060725
905    @a10447@dTE65@e4
    
    石油化工工艺/上海化学工业专科学校编.-上海:上海科学技术出版社,1978
    188页;26cm
    
    
    ISBN :CNY1.25
    
●
相关链接 在E读中查询图书 在五车中查询图书 在当当中查询图书 在豆瓣中查询图书


正题名:石油化工工艺     索取号:TE65/4         预约/预借

序号 登录号 条形码 馆藏地/架位号 状态 备注
1 0438422   204384228   密集书库/ [索取号:TE65/4] 在馆    
唐山师范学院图书馆 欢迎您!
大连网信软件有限公司© 版权所有